[Event "SVK-chT5 A22 2223"]
[Site "Slovakia"]
[Date "2022.12.17"]
[Round "4.2"]
[White "Drahos, Miroslav"]
[Black "Lopasovsky, Artur"]
[Result "1/2-1/2"]
[WhiteElo "1684"]
[BlackElo "1359"]
[PlyCount "46"]
[EventDate "2022.10.15"]
[EventType "team-tourn"]
[EventRounds "9"]
[EventCountry "SVK"]
[SourceTitle "EXT 2024"]
[Source "ChessBase"]
[SourceDate "2023.10.10"]
[SourceVersion "1"]
[SourceVersionDate "2023.10.10"]
[SourceQuality "1"]
[WhiteTeam "Trnava Lokomotiva III"]
[BlackTeam "Modranka Komplet Juniors II"]
[WhiteTeamCountry "SVK"]
[BlackTeamCountry "SVK"]

1. e4 e5 2. Nf3 Nc6 3. Bb5 d6 4. c3 Bg4 5. h3 Bh5 6. d3 Nf6 7. Be3 a6 8. Ba4 Be7 9. Nbd2 0-0 10. Nf1 b5 11. Bb3 d5 12. Ng3 Bxf3 13. Qxf3 d4 14. Bd2 h6 15. Nf5 Nh7 16. h4 Bf6 17. Qg3 Kh8 18. Bxh6 gxh6 19. Nxh6 Qe8 20. Qf3 Ne7 21. Qh5 Ng6 22. Nxf7+ Rxf7 23. Qxg6 Rg7 1/2-1/2